| 000 | 00474nam a2200157 4500 | ||
|---|---|---|---|
| 001 | 127514 | ||
| 003 | ES-MaACL | ||
| 007 | t| | ||
| 008 | 070214s1973 ag r ||||1| spa d | ||
| 100 | 1 |
_aRiesman, David. _997161 |
|
| 245 | 1 | 0 |
_aPsicoanálisis y ciencias sociales / _cDavid Riesman ; versión de Salomón Merener. |
| 260 |
_aBuenos Aires : _bPaidós, _c1973. |
||
| 300 |
_a231 p. ; _c19 cm. |
||
| 700 | 1 |
_aMerener, Salomón. _980485 |
|
| 852 |
_aES-MaACL _jE-6157 _bR.90405 |
||
| 999 |
_c127514 _d127514 |
||